000 00513nam a2200181Ia 4500
005 20250326123858.0
008 250326s9999 xx 000 0 und d
037 _aTextbook
040 _aFMSL
_beng
_cFMSL
041 _aeng
_2eng
084 _aS8 L3
_qFMSL
100 _aFestinger L
_985381
245 0 _aSocial pressures in informal groups
_cFestinger L; Schachter S And Others
260 _aLondon
_bLondon, Tavistock
_c1963
300 _a192p
942 _cTB
_hS8 L3
999 _c1271320
_d1271320